Quantitative Methods for Health Reserch. (Record no. 4949)

MARC details
000 -LEADER
fixed length control field 00604nam a22001937a 4500
003 - CONTROL NUMBER IDENTIFIER
control field OSt
005 - DATE AND TIME OF LATEST TRANSACTION
control field 20160812125244.0
008 - FIXED-LENGTH DATA ELEMENTS--GENERAL INFORMATION
fixed length control field 160812b xxu||||| |||| 00| 0 eng d
020 ## - INTERNATIONAL STANDARD BOOK NUMBER
International Standard Book Number 9780470022757
040 ## - CATALOGING SOURCE
Transcribing agency DNLM
082 ## - DEWEY DECIMAL CLASSIFICATION NUMBER
Classification number WA900B83Q 2008.
100 ## - MAIN ENTRY--PERSONAL NAME
Personal name Bruce,Nigel;Pope,Daniel;Stanistreet,Debbi;
9 (RLIN) 9802
245 ## - TITLE STATEMENT
Title Quantitative Methods for Health Reserch.
Remainder of title A practicle Guide to Epidemiology and statistics.
260 ## - PUBLICATION, DISTRIBUTION, ETC. (IMPRINT)
Place of publication, distribution, etc. England.
Name of publisher, distributor, etc. Wiley;
Date of publication, distribution, etc. 2008.
300 ## - PHYSICAL DESCRIPTION
Extent xiii,538p;
Other physical details ill;
Dimensions 26cm.
504 ## - BIBLIOGRAPHY, ETC. NOTE
Bibliography, etc references and index are included.
650 ## - SUBJECT ADDED ENTRY--TOPICAL TERM
Topical term or geographic name as entry element Health Research.
9 (RLIN) 8843
942 ## - ADDED ENTRY ELEMENTS (KOHA)
Source of classification or shelving scheme Other/Generic Classification Scheme
Koha item type Open Shelf
Holdings
Withdrawn status Lost status Source of classification or shelving scheme Damaged status Not for loan Home library Current library Date acquired Source of acquisition Inventory number Total Checkouts Full call number Barcode Date last seen Price effective from Koha item type
    Other/Generic Classification Scheme     MUST Main Library MUST Main Library 12/08/2016   11/33597   WA900B83Q 2008. 2016-3564 12/08/2016 12/08/2016 Open Shelf